"O" Cities in the United States - Statistics

General Stats
  • This quiz has been taken 71 times
  • The average score is 7 of 11
Answer Stats
State Population Answer % Correct
Oklahoma 681,054 Oklahoma City
98%
Nebraska 486,051 Omaha
98%
Florida 307,573 Orlando
85%
California 440,646 Oakland
84%
Kansas 197,238 Overland Park
61%
Texas 114,428 Odessa
53%
California 139,911 Orange
53%
Kansas 141,290 Olathe
48%
California 202,063 Oxnard
47%
California 175,265 Ontario
45%
California 174,068 Oceanside
27%
No matching quizzes found
Score Distribution
Percent of People with Each Score
Percentile by Number Answered
Your Score History
You have not taken this quiz